00550nam a2200181 a 450000100100000000500170001000800410002704000250006808200210009310000390011424500950015325000120024826000350026030000210029565000200031665000160033665000160035200003508620260312134859.0111025s1926 sp 000 0 spa d aDO-SdBNPbspacBNPHU a172bR695a, 19261 aRodó, José Enrique,d1871-191710aAriel :bliberalismo y jacobinismo /cJosé Enrique Rodó; prólogo de Rafael Altamira. a3a. ed. aBarcelona :bCervantes,c1926. a229 p. ;c21 cm. 0aÉtica social  0aDemocracia  0aLiberalismo